Statistiken für Liedtext - Narben - Alligatoah

Klicken Sie hier um das Quiz zu spielen!

Allgemein

  • Dieses Quiz wurde 185 mal gespielt
  • Das Durchschnittsergebnis liegt bei 238 aus 366

Antwortstatistiken

Textquiz% Korrekt
Sie
95%
sie
95%
ich
94%
Ich
94%
ich
94%
den
91%
Du
91%
du
91%
Narben
91%
haben
90%
Willst
90%
brauchst
89%
dann
87%
´ne
85%
war
84%
in
81%
an
77%
im
76%
Jede
74%
sind
73%
das
72%
Ein
72%
ein
72%
immer
71%
Immer
71%
Jet
71%
und
71%
Und
71%
Mein
70%
jetzt
69%
merk´
69%
so
69%
Was
67%
was
67%
Ja
66%
ist
66%
Ja
66%
jedem
66%
meine
66%
mir
66%
Mir
66%
mit
66%
waren
66%
weiß
66%
zu
66%
Beruf
65%
die
65%
Englischlehrer
65%
sich
65%
auf
64%
eine
64%
Gespensterjäger
64%
nicht
64%
tätig
64%
wieder
64%
Angela
63%
gescheitert
63%
mich
63%
werd
63%
bin
62%
dem
62%
dritter
62%
Geliebter
62%
kläglich
62%
Kopf
62%
Merkels
62%
werde
62%
Als
61%
alle
60%
Buch
60%
meinem
60%
von
60%
davon
59%
erdenklichen
59%
frage
59%
Reifenspur
59%
sage
59%
Unterleib
59%
wird
59%
also
58%
Also
58%
aus
58%
denn
58%
hört
58%
Neues
58%
Speer
58%
bist
57%
gefeueeert
57%
gefeuert
57%
glaube
57%
Mädchen
57%
Pilot
57%
trägt
57%
ärztliche
55%
interviewt
55%
nichts
55%
ob
55%
paar
55%
Schweigepflicht
55%
U-Boot-Lenker
55%
versprechen
55%
Wunde
55%
anstellen
54%
blöd
54%
Daumen
54%
fehlen
54%
Story
54%
Stuhlgroßhändler
54%
Thema
54%
Beine
53%
Doktor
53%
fangen
53%
Autobahn
52%
China
52%
Entertainer
52%
essen
52%
Herr
52%
Scherben
52%
Tod
52%
weiter
52%
Absicht
51%
blinder
51%
manchmal
51%
Passagier
51%
Sänftenträger
51%
Star
51%
Fahrrad
50%
finden
50%
gerufen
50%
Kinder
50%
Schokolade
50%
doch
49%
Yeah
49%
yeah
49%
Driver
48%
Erfahrung
48%
Gay
48%
geht
48%
Judokämpfer
48%
kriegen
48%
nochmal
48%
oder
48%
Porn
48%
Taxi
48%
Verletzte
48%
Anglerberater
47%
Cheffen
47%
erfahre
47%
genau
47%
Kauf
47%
nehm
47%
verhau´n
47%
los
46%
Schritt
46%
alles
45%
eher
45%
Landesverkehrsminister
45%
Plan
45%
Rechnung
45%
trotzdem
45%
Abschleppdienstleiter
44%
Frauenschwarm
44%
Int´resse
44%
lächelnd
44%
Bären
43%
direkt
43%
Fluglotsenarzt
43%
Extremsportler
42%
Seelsorger
42%
Bitch
41%
Meister
41%
Schade
41%
Tankwagenfahrer
41%
zeigt
41%
AIDS
39%
Forscher
39%
Tätowierer
39%
Empfangsdamencaster
38%
Landkartenmaler
38%
Militär
38%
äh
37%
Beim
37%
Gerichtsmediziner
37%
Einmal
36%
tanzende
36%
Webdesigner
35%
Brettspielschreiner
34%
Computerspieletester
34%
Flieger
34%
schiefgegangen
34%
steuere
32%
Lis
31%
Pepsi
31%
Verkäufer
31%
Gesuchter
30%
Kriegsverbrecher
30%
Buchkapiteltexter
29%
Light
29%
Steckbriefschreiber
29%
Hahaha
27%
Skateboarder
27%
Reporter
26%
Schulkantinenbäcker
22%
Drecksviehtreiber
18%
Flugmaschinenchef
17%
klar
15%
Seefahrer
12%

Verteilung der Resultate

Perzentil nach korrekt beantworteten Fragen

Anzahl Personen mit jedem Resultat

Ihre Resultats-Entwicklung

Sie haben dieses Quiz noch nicht gespielt